000 00498nam a2200193 4500
003 OSt
005 20260530115323.0
008 260520b |||||||| |||| 00| 0 eng d
040 _aICI
_bspa
_cICI
_erda
050 _aNK2117
_b.C66
100 _aConran. Terence
_eautor
245 _aConran´s 1982 Catalog
264 _aLondres
_bConran´s
_c1982
300 _a124 páginas
336 _2rdacontent
_atexto
337 _2rdamedia
_asin medio
338 _2rdacarrier
_avolumen
942 _2lcc
_n1
_cBK
999 _c13863
_d13863